| 000 | 00738cam a22002295a 4500 | ||
|---|---|---|---|
| 001 | 13598811 | ||
| 005 | 20171228071705.0 | ||
| 008 | 040519s2004 nyua 001 0 eng | ||
| 010 | _a 2004047661 | ||
| 020 | _a0735539685 | ||
| 040 |
_aDLC _cDLC _dDLC |
||
| 041 | _aeng | ||
| 043 | _an-us--- | ||
| 080 | _a345.7305076 BLO | ||
| 082 | 0 | 0 |
_a345.7305076 BLO _222 |
| 100 | 1 | _a14 | |
| 101 | _aJUR | ||
| 245 | 1 | 0 |
_aCriminal procedure : _cRobert M. Bloom, Mark S. Brodin. |
| 906 |
_a7 _bcbc _corignew _d1 _eocip _f20 _gy-gencatlg |
||
| 942 |
_2ddc _cBK |
||
| 999 |
_c39576 _d39576 |
||